000
00333nam a22001457a 4500
003
SGT
020
_a
9788119613557
082
_a
612.015
_b
KOH
100
_a
KOHLI ANKIT
245
_a
A TEXTBOOK OF BIOCHEMISTRY AND CLINICAL PATHOLOGY
260
_a
INDIA
_b
IP
_c
2026
300
_a
229
650
_a
BIOCHEMISTRY
942
_2
ddc
_c
BK
999
_c
34146
_d
34146